000 00594nam a22001817a 4500
003 OSt
005 20260408035506.0
008 260408b |||||||| |||| 00| 0 eng d
020 _a971598
040 _aDWCL GS lib
_cOC
082 _aRes.(Fil.) 808.85 046b 2001
100 _aOlino, S. Rogelio
245 _aBooklet of Speeches :
_bFor Students & Professionals /
_cRogelio S. Olino
260 _aCebu City
_bRSO Trading Cebu City
_cc2001.
300 _av,102 pages:
_c13cm.
546 _aEnglish
942 _2ddc
_cBK-0 CIRC
_hRes.(Fil.) 808.85 046b 2001
_n0
999 _c9345
_d9345